000 nam a22 7a 4500
999 _c17861
_d17861
008 161129b xxu||||| |||| 00| 0 eng d
020 _a0761474889
050 _aRef RC81 .A2E5 2004
245 _aEncyclopedia of Family Health/
_cDavid B. Jacoby and Robert M. Youngson
250 _a3rd ed.
260 _aNew York:
_bMarshall Cavendish,
_c2004
300 _a149-287p. :
_bill. ;
_ccm
500 _aIncludes bibliographical references and index.
650 _aMedicine, popular.
_xEncyclopedias.
650 _aHealth.
_xEncyclopedias.
700 _aJacoby, David B.
700 _aYoungson, Robert M.
942 _2lcc
_cBOOKS
_hRef RC81 .A2E5 2004